[Event "Johannesburg PSS Capablanca-A"]
[Site "Johannesburg"]
[Date "2017.05.01"]
[Round "9"]
[White "De Abreu, Roberto N"]
[Black "Tshabalala, Ernest"]
[Result "1-0"]
[WhiteElo "2110"]
[BlackElo "2003"]
[PlyCount "79"]
[EventDate "2017.04.26"]
[EventType "tourn"]
[EventRounds "9"]
[EventCountry "RSA"]
[SourceTitle "CBM 178 Extra"]
[Source "ChessBase"]
[SourceDate "2017.06.22"]
[SourceVersion "1"]
[SourceVersionDate "2017.06.22"]
[SourceQuality "1"]

1. d4 Nf6 2. c4 g6 3. g3 Bg7 4. Bg2 0-0 5. Nc3 d6 6. Nf3 Nc6 7. 0-0 e5 8. dxe5 dxe5 9. Bg5 Be6 10. Nd2 h6 11. Bxf6 Qxf6 12. Nde4 Qe7 13. Nd5 Bxd5 14. cxd5 Nd4 15. Rc1 Nb5 16. Qb3 Nd6 17. Rc2 f5 18. Nxd6 cxd6 19. Rfc1 Rf7 20. e4 Rd8 21. h4 Bf8 22. h5 gxh5 23. Bh3 Rg7 24. Bxf5 h4 25. Qf3 hxg3 26. fxg3 Qg5 27. Be6+ Kh7 28. Bf5+ Kg8 29. Kf2 Be7 30. Rh1 Rf8 31. Rh5 Qf6 32. Be6+ Kh8 33. Rf5 Rg5 34. Rxf6 Rxf6 35. Bf5 Bd8 36. Rc8 Rf8 37. Kg2 Rgg8 38. Qh5 Bg5 39. Rxf8 Rxf8 40. Qg6 1-0

[Event "Johannesburg PSS Capablanca-A"]
[Site "Johannesburg"]
[Date "2017.04.27"]
[Round "2"]
[White "Nene, Themba"]
[Black "Tshabalala, Ernest"]
[Result "1-0"]
[WhiteElo "1944"]
[BlackElo "2003"]
[PlyCount "94"]
[EventDate "2017.04.26"]
[EventType "tourn"]
[EventRounds "9"]
[EventCountry "RSA"]
[SourceTitle "CBM 178 Extra"]
[Source "ChessBase"]
[SourceDate "2017.06.22"]
[SourceVersion "1"]
[SourceVersionDate "2017.06.22"]
[SourceQuality "1"]

1. d4 Nf6 2. c4 g6 3. Nc3 Bg7 4. e4 d6 5. f3 0-0 6. Be3 e5 7. d5 c6 8. Qd2 cxd5 9. cxd5 b6 10. Bd3 Na6 11. Nge2 Ne8 12. a3 Nc5 13. Bc2 f5 14. b4 Na6 15. 0-0-0 f4 16. Bf2 Bd7 17. Kb2 Nac7 18. Bd3 b5 19. Nc1 a6 20. Nb3 Rc8 21. Rc1 Na8 22. Na5 Nb6 23. Na2 Nxd5 24. Bxb5 Ndc7 25. Bc4+ Kh8 26. Nc3 Qe7 27. Rhd1 g5 28. h3 Rf6 29. Qd3 Rb8 30. Nd5 Nxd5 31. Bxd5 Bb5 32. Bc4 Nc7 33. Bxb5 Rxb5 34. Qc4 Rf7 35. a4 d5 36. Bc5 Qd7 37. axb5 dxc4 38. Rxd7 Rxd7 39. b6 Nb5 40. b7 Rd2+ 41. Rc2 c3+ 42. Kb3 Rd8 43. Nc6 Re8 44. b8Q Rxb8 45. Nxb8 Nd4+ 46. Kxc3 Nxc2 47. Kxc2 Kg8 1-0

[Event "Boksburg Inter Region-ch"]
[Site "Boksburg"]
[Date "2016.12.23"]
[Round "7.2"]
[White "Tshabalala, Ernest"]
[Black "De Abreu, Roberto N"]
[Result "0-1"]
[WhiteElo "1927"]
[BlackElo "2089"]
[PlyCount "124"]
[EventDate "2016.12.20"]
[EventType "team-swiss"]
[EventRounds "7"]
[EventCountry "RSA"]
[SourceTitle "CBM 176 Extra"]
[Source "ChessBase"]
[SourceDate "2017.03.02"]
[SourceVersion "1"]
[SourceVersionDate "2017.03.02"]
[SourceQuality "1"]
[WhiteTeam "Rebels"]
[BlackTeam "Johannesburg Metro"]
[WhiteTeamCountry "RSA"]
[BlackTeamCountry "RSA"]

1. e4 e6 2. d4 d5 3. Nd2 Nf6 4. e5 Nfd7 5. Bd3 c5 6. c3 Nc6 7. Ngf3 Be7 8. 0-0 g5 9. Bb5 cxd4 10. cxd4 g4 11. Ne1 Nxd4 12. Ba4 h5 13. Nb3 Nxb3 14. Qxb3 h4 15. Bf4 Kf8 16. Qe3 Rh5 17. Rc1 Nb6 18. Bb5 Rf5 19. Bd3 d4 20. Bh6+ Ke8 21. Qe2 Bg5 22. Bxg5 Rxg5 23. Qe4 Qd5 24. f4 Rg7 25. Nc2 Bd7 26. Nxd4 Rd8 27. Qxd5 Nxd5 28. Be4 Ba4 29. b3 Ne3 30. Rfe1 Rxd4 31. Rxe3 Bc6 32. Bxc6+ bxc6 33. Rc4 Rd2 34. Ra4 g3 35. hxg3 hxg3 36. Re1 Rh7 37. Rae4 Rh4 38. a4 Rb2 39. R4e3 Rxf4 40. Rxg3 Rc2 41. Ree3 Ke7 42. Rc3 Rxc3 43. Rxc3 Kd7 44. Rf3 Rxf3 45. gxf3 c5 46. Kf2 Kc6 47. Ke3 Kd5 48. f4 c4 49. bxc4+ Kxc4 50. Ke4 a5 51. f5 Kb4 52. fxe6 fxe6 53. Kd4 Kxa4 54. Kc5 Kb3 55. Kd6 a4 56. Kxe6 a3 57. Kf7 a2 58. e6 a1Q 59. e7 Qf1+ 60. Kg7 Qg2+ 61. Kf7 Qf3+ 62. Kg8 Qg4+ 0-1

[Event "RSA-ch U18"]
[Site "Bloemfontein"]
[Date "2016.03.24"]
[Round "9"]
[White "King, Eduard Norman"]
[Black "Tshabalala, Ernest"]
[Result "0-1"]
[WhiteElo "1516"]
[BlackElo "1842"]
[PlyCount "82"]
[EventDate "2016.03.20"]
[EventType "swiss"]
[EventRounds "11"]
[EventCountry "RSA"]
[SourceTitle "CBM 171 Extra"]
[Source "ChessBase"]
[SourceDate "2016.04.26"]
[SourceVersion "1"]
[SourceVersionDate "2016.04.26"]
[SourceQuality "1"]

1. d4 d5 2. Nf3 Nf6 3. Bg5 e6 4. Nbd2 c5 5. e3 Nc6 6. c3 h6 7. Bh4 Be7 8. Bd3 0-0 9. 0-0 b6 10. Ne5 Nxe5 11. dxe5 Nd7 12. Bxe7 Qxe7 13. f4 c4 14. Bc2 Nc5 15. Rf3 f6 16. exf6 Rxf6 17. Rg3 Bb7 18. b4 Nd7 19. Qh5 e5 20. Rf1 e4 21. Nb1 a5 22. a3 Nf8 23. Rd1 Qe6 24. Rd2 Rf5 25. Qg4 Qf6 26. Rf3 Ng6 27. Rff2 axb4 28. axb4 Ra1 29. Qd1 Nh4 30. Ba4 Qg6 31. Kh1 b5 32. Bxb5 Qb6 33. Bd7 Rf7 34. Bh3 Rf6 35. Rfe2 Qa7 36. Qe1 Nf5 37. Bxf5 Rxf5 38. g4 Rf6 39. Rd1 Qa4 40. Qd2 Bc6 41. Qb2 Qxd1+ 0-1

[Event "RSA-ch U18"]
[Site "Bloemfontein"]
[Date "2016.03.23"]
[Round "6"]
[White "Lynch, Justin"]
[Black "Tshabalala, Ernest"]
[Result "1/2-1/2"]
[WhiteElo "1737"]
[BlackElo "1842"]
[PlyCount "65"]
[EventDate "2016.03.20"]
[EventType "swiss"]
[EventRounds "11"]
[EventCountry "RSA"]
[SourceTitle "CBM 171 Extra"]
[Source "ChessBase"]
[SourceDate "2016.04.26"]
[SourceVersion "1"]
[SourceVersionDate "2016.04.26"]
[SourceQuality "1"]

1. d4 d5 2. c4 dxc4 3. Nf3 c5 4. e3 Nf6 5. Bxc4 e6 6. Nc3 a6 7. a4 Nc6 8. 0-0 cxd4 9. exd4 Be7 10. Qe2 0-0 11. Be3 Qa5 12. Rfd1 Rd8 13. Rac1 Nb4 14. Ne5 Nbd5 15. Bb3 Qb4 16. Bc2 Bd7 17. Na2 Qb6 18. Nc3 Qa5 19. Nc4 Nxc3 20. bxc3 Qc7 21. Ne5 Be8 22. c4 Rac8 23. Bf4 Qb6 24. c5 Qa7 25. a5 Nd5 26. Bg3 Nb4 27. Qc4 Nxc2 28. Qxc2 Rd5 29. Nc4 Rcd8 30. Bc7 Rc8 31. Bf4 Rcd8 32. Bc7 Rc8 33. Bg3 1/2-1/2

[Event "Wch U16"]
[Site "Durban"]
[Date "2014.09.21"]
[Round "3"]
[White "Dragnev, Valentin"]
[Black "Tshabalala, Ernest"]
[Result "1-0"]
[WhiteElo "2151"]
[BlackElo "1827"]
[PlyCount "57"]
[EventDate "2014.09.20"]
[EventType "swiss"]
[EventRounds "11"]
[EventCountry "RSA"]
[SourceTitle "CBM 162 Extra"]
[Source "ChessBase"]
[SourceDate "2014.10.17"]
[SourceVersion "1"]
[SourceVersionDate "2014.10.17"]
[SourceQuality "1"]

1. e4 c5 2. d4 cxd4 3. c3 dxc3 4. Nxc3 d6 5. Bc4 e6 6. Nf3 Be7 7. 0-0 Nf6 8. Qe2 a6 9. Rd1 Qc7 10. e5 dxe5 11. Nxe5 0-0 12. Bf4 Bd6 13. Rxd6 Qxd6 14. Ng6 Qd8 15. Nxf8 Qxf8 16. a4 Bd7 17. Bg5 Bc6 18. Bxf6 gxf6 19. Rd1 Nd7 20. Ne4 Kh8 21. Bb3 Qh6 22. Nd6 Qg6 23. f3 Ne5 24. Rf1 Rg8 25. Bc2 Qh5 26. Be4 Bxe4 27. Qxe4 Qg6 28. Qxg6 fxg6 29. Nxb7 1-0

[Event "Commonwealth-ch"]
[Site "Glasgow"]
[Date "2014.07.06"]
[Round "7"]
[White "McGeoch, Kenny R"]
[Black "Tshabalala, Ernest"]
[Result "0-1"]
[WhiteElo "1880"]
[BlackElo "1775"]
[PlyCount "118"]
[EventDate "2014.06.30"]
[EventType "swiss"]
[EventRounds "9"]
[EventCountry "SCO"]
[SourceTitle "CBM 161 Extra"]
[Source "ChessBase"]
[SourceDate "2014.08.29"]
[SourceVersion "1"]
[SourceVersionDate "2014.08.29"]
[SourceQuality "1"]

1. c4 e5 2. g3 Nf6 3. Bg2 d5 4. cxd5 Nxd5 5. Nc3 c6 6. Nf3 Bd6 7. 0-0 0-0 8. d3 h6 9. Qb3 Nb6 10. Qc2 Be6 11. Ne4 f5 12. Nxd6 Qxd6 13. b3 N8d7 14. Bb2 Rae8 15. Rad1 Qc7 16. Kh1 f4 17. e4 fxe3 18. fxe3 Nd5 19. Rde1 Nb4 20. Qb1 Bg4 21. a3 Nd5 22. Qc1 Qd6 23. Nh4 Rxf1+ 24. Bxf1 N5b6 25. h3 Be6 26. e4 Bxb3 27. Nf5 Qg6 28. Kh2 Kh8 29. Be2 Be6 30. g4 Na4 31. Ba1 Nac5 32. Bxe5 Nxe5 33. Qxc5 Bxf5 34. gxf5 Qg5 35. Qf2 Qd2 36. Rf1 Nxd3 37. Qf3 Nf4 38. Rf2 Nxe2 39. Rxe2 Qd6+ 40. Kg2 Qf6 41. Kh2 Re5 42. Rg2 Rc5 43. Re2 Qd4 44. Qg4 Qe5+ 45. Kg2 Rc4 46. h4 b5 47. h5 a5 48. Kh3 Rd4 49. Qf3 c5 50. Kg2 b4 51. axb4 axb4 52. Rc2 Rxe4 53. Rxc5 Re2+ 54. Kf1 Re1+ 55. Kf2 Qxc5+ 56. Kxe1 Qc3+ 57. Qxc3 bxc3 58. Kd1 Kg8 59. Kc2 Kf7 0-1

[Event "Commonwealth-ch"]
[Site "Glasgow"]
[Date "2014.07.04"]
[Round "4"]
[White "Tshabalala, Ernest"]
[Black "Bullen, Alex"]
[Result "1-0"]
[WhiteElo "1775"]
[BlackElo "2055"]
[PlyCount "145"]
[EventDate "2014.06.30"]
[EventType "swiss"]
[EventRounds "9"]
[EventCountry "SCO"]
[SourceTitle "CBM 161 Extra"]
[Source "ChessBase"]
[SourceDate "2014.08.29"]
[SourceVersion "1"]
[SourceVersionDate "2014.08.29"]
[SourceQuality "1"]

1. e4 c6 2. d4 d5 3. exd5 cxd5 4. c4 Nf6 5. Nc3 Nc6 6. Be3 Bg4 7. Be2 Bxe2 8. Ngxe2 e6 9. c5 Be7 10. a3 a5 11. Rb1 b6 12. b4 axb4 13. axb4 bxc5 14. dxc5 e5 15. Bg5 d4 16. Bxf6 gxf6 17. Na4 d3 18. Nec3 Qd4 19. Qf3 e4 20. Nxe4 0-0 21. Nb6 Ra2 22. 0-0 Kh8 23. Qe3 Qd8 24. Rfd1 Ne5 25. f4 Re2 26. Qxe2 dxe2 27. Rxd8 Rxd8 28. Nc3 Nd3 29. Nxe2 Nxb4 30. Na4 Na6 31. Rb7 Bxc5+ 32. Nxc5 Nxc5 33. Rxf7 Ne4 34. g3 Kg8 35. Re7 Nd6 36. Nd4 Nc8 37. Rc7 Rxd4 38. Rxc8+ Kg7 39. Kg2 Rd2+ 40. Kh3 Rf2 41. Rc7+ Kg6 42. Rc4 h5 43. Rc5 Rb2 44. Rc1 Ra2 45. Rg1 Kf5 46. Rg2 Ra4 47. Re2 Ra8 48. Kh4 Rg8 49. h3 Rh8 50. Rb2 Kg6 51. Rb5 Rh6 52. Rc5 Rh8 53. f5+ Kh6 54. Rc6 Rf8 55. Re6 Rf7 56. Re8 Rh7 57. Rg8 Ra7 58. Rg6+ Kh7 59. Rxf6 Kg7 60. Rg6+ Kh7 61. Kxh5 Ra3 62. h4 Ra4 63. g4 Rb4 64. Rc6 Kg7 65. Kg5 Kh8 66. Rc7 Ra4 67. f6 Ra5+ 68. Kg6 Ra8 69. h5 Rb8 70. g5 Ra8 71. Kh6 Rb8 72. g6 Kg8 73. f7+ 1-0